• 首页
  • 本馆介绍
  • 公告通知
  • 最新文献
  • 馆藏检索
  • 电子资源
  • 读者荐购
  • 参考咨询
  • CALIS
  • 我的图书馆
  • 登录
  • 详细信息显示
  • 放入我的书架
  • 预约/预借图书
  • 作者相关作品
  • 分类相关作品
  • 丛书相关作品
  • 出版社相关作品

书目信息

  • 表格格式
  • 工作单格式
  • 卡片格式
题名:
一个人的八十年代
    
 
作者: 王尧 著
分册:  
出版信息: 上海   华东师范大学出版社  2009.03
页数: 196页
开本: 23cm
丛书名:
单 册:
中图分类: I267.1
科图分类:
主题词: 随笔--sui bi--中国--当代--作品集
电子资源:
ISBN: 978-7-5617-6943-0
 
 
 
 
 
000 00799nam0 2200229 450
001 012009706844
005 20100403110811.40
010    @a978-7-5617-6943-0@dCNY28.00
100    @a20100403d2009 em y0chiy0120 ea
101 0  @achi
102    @aCN@b310000
105    @ay z 000cy
106    @ar
200 1  @a一个人的八十年代@Ayi ge ren de ba shi nian dai@f王尧著@Fwang yao zhu
210    @a上海@c华东师范大学出版社@d2009.03
215    @a196页@d23cm
330    @a本书的作者从个人经验出发,叙述了作者从农村到大学时代的生活、学习和精神历程,对“八十年代”思想文化和个人成长史作了独特的叙述,是思想史和个人精神史的另类写法。
606 0  @a随笔@Asui bi@y中国@z当代@j作品集
690    @aI267.1@v4
701  0 @a王尧@Awang yao@4著
801  0 @aCN@bQSSK@c20100403
905    @b773037-39@dI267.1@eW446@f3
    
    一个人的八十年代/王尧著.-上海:华东师范大学出版社,2009.03
    196页;23cm
    
    
    ISBN 978-7-5617-6943-0:CNY28.00
    本书的作者从个人经验出发,叙述了作者从农村到大学时代的生活、学习和精神历程,对“八十年代”思想文化和个人成长史作了独特的叙述,是思想史和个人精神史的另类写法。
●
相关链接 在E读中查询图书 在当当中查询图书 在豆瓣中查询图书


正题名:一个人的八十年代     索取号:I267.1/W446         预约/预借

序号 登录号 条形码 馆藏地/架位号 状态 备注
1 773037   207730375   文学库116/116文学库 10排6列6层/ [索取号:I267.1/W446] 在馆    
2 773038   207730384   社科二线422/116文学库 10排6列6层/ [索取号:I267.1/W446] 在馆    
3 773039   207730393   文学库116/116文学库 10排6列6层/ [索取号:I267.1/W446] 在馆    
河南城建学院图书馆 欢迎您!
大连网信软件有限公司© 版权所有